000 01579cad a22002415a 4500
001 E147895
008 090629s2009 xxk f f000 0 eng d
035 _a(Sirsi) u147895
041 0 _aeng
050 0 4 _a333.32 $2 18
110 2 _aUnited Kingdom Parliament
_bHouse of Lords
_93232
245 0 4 _aThe Finance Bill 2009
_bHouse of Lords Select Committee on Economic Affairs, 3rd report of session 2008-09 [volumes I and II]
_h[electronic resource]
260 _aLondon
_bStationery Office
_c2009
505 2 _aAbstract -- Introduction -- General issues -- The taxation of pensions -- Taxation of foreign profits -- Real Estate Investment Trusts -- Conclusions and recommendations -- Appendices
520 _aA report on the Finance Bill 2009, which looks at various issues relating to finance and taxation, including REITs. Suggests that the fact that there are no residential REITs, and none which have not been converted from property companies, indicates that a more flexible approach should be taken. Proposes that consultations be undertaken to look at lessons which can be learned from international experience, and asserts that the current approach to REITs is too cautious.
520 _aVolume I contains the report and volume II the evidence.
521 _aAdvanced
590 _aKA NTK
651 4 _aUnited Kingdom
_y
690 _aPROPERTY-PROPERTY FINANCE AND INVESTMENT-REAL ESTATE INVESTMENT TRUSTS
856 4 0 _uhttps://www.publications.parliament.uk/pa/ld/ldeconaf.htm
_zView the report free of charge at aaa.publications.parliament.uk...
942 _n0
999 _c109770
_d109770